Central Library OPAC University of Rajshahi

The uses of literacy : (Record no. 34718)

MARC details
000 -LEADER
fixed length control field 00942nam a2200265 a 4500
001 - CONTROL NUMBER
control field 34718
003 - CONTROL NUMBER IDENTIFIER
rucl marc code BD-RjUL
005 - DATE AND TIME OF LATEST TRANSACTION
control field 20211209052212.0
008 - FIXED-LENGTH DATA ELEMENTS--GENERAL INFORMATION
fixed length control field 140518r19571959enk b 001 0 eng d
035 ## - SYSTEM CONTROL NUMBER
System control number (BD-RjUL)34812
040 ## - CATALOGING SOURCE
Original cataloging agency D2035
Language of cataloging eng
Transcribing agency D2035
Modifying agency NNCU:A
-- BD-RjUL
041 ## - LANGUAGE CODE
Language code of text/sound track or separate title eng
082 04 - DEWEY DECIMAL CLASSIFICATION NUMBER
Classification number 305.560941
Author mark and year HOU 1959
100 1# - MAIN ENTRY--PERSONAL NAME
Personal name Hoggart, Richard,
Dates associated with a name 1918-
9 (RLIN) 56370
245 14 - TITLE STATEMENT
Title The uses of literacy :
Remainder of title aspects of working-class life, with special references to publications and entertainments /
Statement of responsibility, etc. Richard Hoggart.
260 ## - PUBLICATION, DISTRIBUTION, ETC. (IMPRINT)
Place of publication, distribution, etc. London :
Name of publisher, distributor, etc. Chatto and Windus,
Date of publication, distribution, etc. 1957 [reprinted 1959].
300 ## - PHYSICAL DESCRIPTION
Pagination 319 p. ;
Size 23 cm.
504 ## - BIBLIOGRAPHY, ETC. NOTE
Bibliography, etc Bibliography: p.308-312.and index.
650 #0 - SUBJECT ADDED ENTRY--TOPICAL TERM
Topical term or geographic name as entry element Working class
Geographic subdivision Great Britain.
9 (RLIN) 105626
Topical term or geographic name as entry element Leisure
Geographic subdivision Great Britain.
9 (RLIN) 105627
Topical term or geographic name as entry element Recreation
Geographic subdivision Great Britain.
9 (RLIN) 59532
Topical term or geographic name as entry element Books and reading.
9 (RLIN) 105628
651 #0 - SUBJECT ADDED ENTRY--GEOGRAPHIC NAME
Geographic name Great Britain
General subdivision Intellectual life.
9 (RLIN) 105629
942 ## - ADDED ENTRY ELEMENTS (KOHA)
Source of classification or shelving scheme Dewey Decimal Classification
Koha item type Books
Holdings
Lost status Source of classification or shelving scheme Damaged status Not for loan Collection code Permanent Location Current Location Shelving location Date acquired Source of acquisition Cost, normal purchase price Total Checkouts Full call number Date last seen Copy number Koha item type
  Dewey Decimal Classification     Non-fiction Central Library, University of Rajshahi Central Library, University of Rajshahi Reading Room 27/09/1965 Zeitlinger 25.00   305.560941 HOU 1959 18/05/2014 C-1 Books
  Dewey Decimal Classification     Non-fiction Central Library, University of Rajshahi Central Library, University of Rajshahi   29/10/1990 Shawket Osman     305.560941 HOU 1959 19/05/2014 C-2 Books